书目信息 |
| 题名: |
电子储存器和传递器
|
|
| 作者: | ;铁道部电化工程局电务勘测设计处 编 | |
| 分册: | ||
| 出版信息: | 北京 人民铁道出版社 1978 |
|
| 页数: | 178页 | |
| 开本: | 19cm | |
| 丛书名: | 驼峰信号技术学习丛书 | |
| 单 册: | ||
| 中图分类: | U284.6 | |
| 科图分类: | ||
| 主题词: | 驼峰-道岔-控制系统,自动集中 , 控制系统,自动集中-道岔-驼峰 , 道岔-驼峰-控制系统,自动集中 | |
| 电子资源: | ||
| ISBN: | ||
| 000 | 00881nam2 2200277 45 | |
| 001 | 0178005389 | |
| 005 | 20061127082722.37 | |
| 010 | @dCNY0.50 | |
| 091 | @aCN@b15043.4045 | |
| 100 | @a19950814d1978 em y0chiy0121 ea | |
| 101 | 0 | @achi |
| 102 | @aCN@b110000 | |
| 105 | @ay z 000yy | |
| 200 | 10 | @a电子储存器和传递器@Adian zi chu cun qi he chuan di qi@f铁道部电化工程局电务勘测设计处编 |
| 210 | @a北京@c人民铁道出版社@d1978 | |
| 215 | @a178页@d19cm | |
| 225 | 2 | @a驼峰信号技术学习丛书 |
| 410 | 0 | @120010@a驼峰信号技术学习丛书 |
| 606 | @a驼峰-道岔-控制系统,自动集中 | |
| 606 | @a控制系统,自动集中-道岔-驼峰 | |
| 606 | @a道岔-驼峰-控制系统,自动集中 | |
| 610 | 0 | @a传递器 |
| 690 | @aU284.6@v3 | |
| 711 | 02 | @a铁道部电化工程局电务勘测设计处@Atie dao bu dian hua gong cheng ju dian wu kan ce she ji chu@4编 |
| 801 | 0 | @aCN@bTSSF@c20061127 |
| 905 | @a10447@dU284.6@e2 | |
| 电子储存器和传递器/铁道部电化工程局电务勘测设计处编.-北京:人民铁道出版社,1978 |
| 178页;19cm.-(驼峰信号技术学习丛书) |
| ISBN :CNY0.50 |
| ● |
| 相关链接 |
|
|
|
|
正题名:电子储存器和传递器
索取号:U284.6/2
 
预约/预借
| 序号 | 登录号 | 条形码 | 馆藏地/架位号 | 状态 | 备注 |
| 1 | 0008742 | 001483371 | 第二样本阅览室/ [索取号:U284.6/2] | 在馆 |